Compendio de historia política de Centroamérica 1821-1851 /
Gespeichert in:
| 1. Verfasser: | |
|---|---|
| Format: | Text |
| Sprache: | Spanish |
| Schlagworte: | |
| Tags: |
Tag hinzufügen
Keine Tags, Fügen Sie den ersten Tag hinzu!
|
MARC
| LEADER | 00000 a a2200000 04500 | ||
|---|---|---|---|
| 001 | 7811 | ||
| 003 | cru CRAI/IIS | ||
| 005 | 20210422120338.0 | ||
| 008 | 210422b ||||| |||| 00| 0 spa d | ||
| 040 | |c cru CRAI/IIS | ||
| 100 | 1 | |a Squier, E. G. (Ephraim George) |9 9950 |d 1821-1888 |e Autor | |
| 245 | 1 | |a Compendio de historia política de Centroamérica 1821-1851 / |c E. G. Squier | |
| 500 | |a Colección Centroamérica | ||
| 650 | 0 | |9 3694 |a HISTORIA POLITICA | |
| 651 | 0 | |9 128 |a AMERICA CENTRAL | |
| 773 | |g Vol.1, núm.2 ( , 1972), Páginas 189-241 | ||
| 942 | |2 ddc |c PP | ||
| 999 | |c 37204 |d 37204 | ||
| 773 | 0 | |0 18875 |9 5536 |a Universidad de Costa Rica. |d San José, Costa Rica: Universidad de Costa Rica. Consejo Superior Universitario Centroamericano, 1972- |o 13786 |t Estudios Sociales Centroamericanos / |x 03039676 | |
